000 00383nam a2200157Ia 4500
008 240729s9999 xx 000 0 und d
022 _a2391-5455
245 0 _aOpen Mathematics
260 _aPoland
260 _bDe Gruyter
650 _a Mathematics
650 _aScience
856 _uhttps://doaj.org/toc/fc3b8e2d2174414197b4bf927a2bcc4d
942 _2ddc
942 _cDOAJEJ
999 _c71004
_d71004
945 _a1
_bMadushi Gamage
_c1
_dMadushi Gamage